000 01108cam a2200301 a 4500
999 _c36338
_d36338
001 14994351
005 20221116103835.0
008 070905s2004 enka b 001 0 eng d
010 _a 2007310534
015 _aGBA4Z9719
_2bnb
016 7 _a006942292
_2Uk
020 _a0324203047 x
020 _a9780324203042 x
035 _a(OCoLC)ocm55627973
080 _a658(036) M-31
100 1 _aMarconi, Joe.
_9692
245 1 0 _aPublic relations :
_bthe complete guide /
_cJoe Marconi.
260 _aMason, Ohio :
_bSouth-Western ;
_a[S.l.] :
_bAmerican Marketing Association,
_cc2004.
300 _a386 p. :
_bill. ;
_c24 cm.
504 _aIncludes bibliographical references (p. 377-378) and index.
650 0 _aPublic relations.
_9693
650 0 _aCorporations
_xPublic relations.
_9694
653 _aსაზოგადოება
653 _aმართვა
906 _a7
_bcbc
_ccopycat
_d2
_encip
_f20
_gy-gencatlg
942 _2udc
_cBK
955 _aCAD uf21 2007-09-05 z-processor
_auf21 2007-11-15 2 copies to Victor Holmes
_apv15 2008-01-25 (2 copies) HAND CARRY to SSCD
_csf17 2008-01-28